| 000 | 01600pab a2200181 454500 | ||
|---|---|---|---|
| 008 | 180718b2018 xxu||||| |||| 00| 0 eng d | ||
| 100 | _aFavero, Nathan | ||
| 245 | _aIs active representation an organizational-level process? the indirect effect of bureaucrats on clients they don?t directly serve | ||
| 260 | _c2018 | ||
| 300 | _ap.3-17. | ||
| 362 | _aJan | ||
| 520 | _aA now well-established link exists between passive representation of racial and gender minorities in certain bureaucracies and substantive benefits for the represented groups. However, few quantitative studies have distinguished between the multiple possible mechanisms by which passive representation might produce such effects. We conduct a novel set of empirical analyses aimed at determining whether or not passive representation produces effects only for those clients who directly interact with bureaucrats who share their demographic characteristics or if passive representation produces broader organizational-level effects. We find strong evidence that minority clients? outcomes are positively associated with representation in portions of the bureaucracy with which they do not directly interact. This suggests that either passive representation produces substantial bottom-up, organizational-level effects or that managers who recruit minority personnel also adopt policies that are favorable toward minority clients. - Reproduced. | ||
| 650 | _aRepresentative bureaucracy | ||
| 650 | _aBureaucracy | ||
| 700 | _aMolina Jr, Angel Luis | ||
| 773 | _aAmerican Review of Public Administration | ||
| 909 | _a117085 | ||
| 999 |
_c117079 _d117079 |
||